Normal view
MARC view
- جواد،شوقي ناجي، م.مشارك محمد سالم الشموط
Entry Personal Name
001 - CONTROL NUMBER
- control field: 57205
003 - CONTROL NUMBER IDENTIFIER
- control field: JO-AjAnu
005 - DATE AND TIME OF LATEST TRANSACTION
- control field: 20230606083353.0
008 - FIXED-LENGTH DATA ELEMENTS
- fixed length control field: 230606|| aca||aabn | a|a d
040 ## - CATALOGING SOURCE
- Original cataloging agency: JO-AjAnu
- Transcribing agency: JO-AjAnu
100 ## - HEADING--PERSONAL NAME
- Personal name: جواد،شوقي ناجي، م.مشارك محمد سالم الشموط
670 ## - SOURCE DATA FOUND
- Source citation: Work cat.: (JO-AjAnu)29188: جواد،شوقي ناجي، م.مشارك محمد سالم الشموط, author, إدارة سلسلة التوريد : علاقات الموردين : مدخل إداري = Supply Chain Management : Suppliers Relations : Managerial Approach